Participation of incarcerated high school drop-outs in county jail programs (Record no. 74044)

MARC details
000 -CABECERA
campo de control de longitud fija 00730nam a2200265 a 4500
005 - FECHA Y HORA DE LA ÚLTIMA TRANSACCIÓN
campo de control 20210219153329.0
008 - ELEMENTOS DE LONGITUD FIJA--INFORMACIÓN GENERAL
campo de control de longitud fija 991125n 000 0 u
035 ## - NÚMERO DE CONTROL DEL SISTEMA
Número de control de sistema UPN01000091608
100 ## - ASIENTO PRINCIPAL--NOMBRE PERSONAL
Nombre de persona Tobolowsky, Peggy M.
222 ## - TÍTULO CLAVE
Título clave JOURNAL OF CORRECTIONAL EDUCATION
245 ## - MENCIÓN DE TÍTULO
Título Participation of incarcerated high school drop-outs in county jail programs
300 ## - DESCRIPCIÓN FÍSICA
Extensión 142-145
362 ## - FECHAS DE PUBLICACIÓN Y/O DESIGNACIÓN SECUENCIAL
Fecha de publicación y/o designación secuencial 42, No. 3, 1991
505 ## - NOTA DE CONTENIDO CON FORMATO PREESTABLECIDO
Nota de contenido con formato Marzo 1992
653 0# - TERMINO DE INDIZACION - NO CONTROLADO
Término no controlado ASESORIA
653 0# - TERMINO DE INDIZACION - NO CONTROLADO
Término no controlado DESERTORES
653 0# - TERMINO DE INDIZACION - NO CONTROLADO
Término no controlado EDUCACION CORRECTIVA
653 0# - TERMINO DE INDIZACION - NO CONTROLADO
Término no controlado JOVENES
653 0# - TERMINO DE INDIZACION - NO CONTROLADO
Término no controlado NORTEAMERICANOS HISPANOS
653 0# - TERMINO DE INDIZACION - NO CONTROLADO
Término no controlado PARTICIPACION
700 ## - ASIENTO SECUNDARIO--NOMBRE DE PERSONAL
Nombre de persona Quinn, James F.
700 ## - ASIENTO SECUNDARIO--NOMBRE DE PERSONAL
Nombre de persona Holman, John E.
904 ## - ELEMENTOS DE DATOS D LOCAL, LDD (RLIN)
a AC
b 029419
905 ## - TIPO DE MATERIAL
Tipo de material Articulo

No items available.